01723nam a22002177a 4500999001900000003001000019008004100029020001800070040002500088041000700113100002800120245008600148260002500234300001200259500013100271520092600402650002401328654001101352942001201363952013001375 c259223d259223IT-MiCISF161221b xxu||||| |||| 00| 0 eng d a9788867085019 cIT-MiCISFaIT-MiCISF ait aRhoads Steven E.956110 aUguali maibQuello che tutti sanno sulle differenze tra i sessi ma non osano dire aTorinobLindauc2016 app. 458 adifferenza-sessuale, periodo-neonatale, adolescenza, età-adulta, comportamento, femminismo, cultura, rapporti-genitori-figli aOggi il dibattito sulla sessualità dà spesso per scontato che le differenze fra uomini e donne siano fondamentalmente insignificanti e "socialmente determinate", o che neppure esistano. L’A., al contrario, afferma che le distinzioni sessuali restano profondamente radicate nella natura umana, presentando un gran numero di prove scientifiche che dimostrano come queste differenze siano innate. L’ A. esplora le differenze maschio - femmina per quanto riguarda l'aggressività e l'istinto di dominio, la sessualità e la cura dei figli, spiega perché il rifiuto di riconoscere tali differenze ha condizionato fenomeni come la rivoluzione sessuale e le famiglie senza padri, ma sostiene anche che la società diventa migliore se si scoraggiano alcune tendenze naturali, come l'inclinazione maschile al sesso predatorio, e se ne incoraggiano altre, come la passione e il talento femminili per la cura dei figli. asessualità956091 asaggio 2ddccBK 00102ddc406B_7294_00000000000000071aCISFbCISFd2016-12-21l0ob7294p9788867085019r2016-12-21 00:00:00w2016-12-21yBK